000 00988nam a22001937a 4500
003 BR-ViAPE
005 20260422113727.0
008 260422s1901 por gs||||s000 0 por d
040 _cBR-ViAPE
110 _aEspírito Santo
_bEstado
245 _aMensagem apresentada ao Congresso Legislativo na abertura da primeira sessão da quarta legislatura pelo Presidente do Estado Dr. José de Mello Carvalho Moniz Freire em 28 de setembro de 1901
260 _aVitória
_bTypographia Commercial de Nelson Costa & Comp.
_c1901
300 _a47 p.
_bDocumento digitalizado (PDF)
500 _aDocumento digitalizado do acervo institucional do Arquivo Público do Estado do Espírito Santo - APEES.
650 _aAdministração pública
_zEspírito Santo
651 _aEspírito Santo
_xAdministração pública
856 _uhttps://ape.es.gov.br/Media/ape/PDF/Mensagens/JOS%C3%89%20DE%20MELLO%20CARVALHO%20MONIZ%20FREIRE%20(6).pdf
_yCLIQUE AQUI PARA ACESSAR O DOCUMENTO
942 _2ddc
_cMSGREL
_n1
999 _c536
_d536